Catálogo

Diccionario de términos jurídicos : (Registro nro. 60931)

Detalles MARC
000 -LEADER
fixed length control field 01035cam a2200289 i 4500
001 - CONTROL NUMBER
control field 60931
003 - CONTROL NUMBER IDENTIFIER
control field Mx-PuUPA
005 - DATE AND TIME OF LATEST TRANSACTION
control field 20220104103043.0
008 - FIXED-LENGTH DATA ELEMENTS--GENERAL INFORMATION
fixed length control field 140415s2002 sp r 000 0 spa d
020 ## - INTERNATIONAL STANDARD BOOK NUMBER
International Standard Book Number 846700035X
040 ## - CATALOGING SOURCE
Description conventions rda
Original cataloging agency Mx-PuUPA
Language of cataloging spa
Transcribing agency Mx-PuUPA
Modifying agency Mx-PuUPA
041 0# - LANGUAGE CODE
Language code of text/sound track or separate title spa
245 00 - TITLE STATEMENT
Title Diccionario de términos jurídicos :
Remainder of title español-inglés, english-spanish /
Statement of responsibility, etc. editor, Margarita Ostojska Asencio.
264 #1 - PRODUCTION, PUBLICATION, DISTRIBUTION, MANUFACTURE, AND COPYRIGHT NOTICE
Place of production, publication, distribution, manufacture Madrid :
Name of producer, publisher, distributor, manufacturer Espasa Calpe,
Date of production, publication, distribution, manufacture, or copyright notice 2002
300 ## - PHYSICAL DESCRIPTION
Extent xiii, 414 páginas ;
Dimensions 26 cm +
Accompanying material 1 disco de computadora (4 3/4 pulg.)
336 ## - CONTENT TYPE
Content type term texto
Fuente rdacontent
Content type code txt
337 ## - MEDIA TYPE
Media type term sin medio
Source rdamedia
Media type code n
337 ## - MEDIA TYPE
Media type term computadora
Source rdamedia
Media type code c
338 ## - CARRIER TYPE
Carrier type term volumen
Source rdacarrier
Carrier type code nc
338 ## - CARRIER TYPE
Carrier type term disco compacto
Source rdacarrier
Carrier type code cd
650 #7 - SUBJECT ADDED ENTRY--TOPICAL TERM
Topical term or geographic name entry element Derecho
Form subdivision Diccionarios
General subdivision Español - ingles
Source of heading or term armarc
650 #7 - SUBJECT ADDED ENTRY--TOPICAL TERM
Topical term or geographic name entry element Derecho
Form subdivision Diccionarios
General subdivision Ingles - español
700 1# - ADDED ENTRY--PERSONAL NAME
Personal name Ostojska Asensio, Margarita,
Relator term editor
942 ## - ADDED ENTRY ELEMENTS (KOHA)
Source of classification or shelving scheme Dewey Decimal Classification
Koha item type Libro
Classification part 340.03
Item part D545
Existencias
Withdrawn status Lost status Source of classification or shelving scheme Damaged status Not for loan Collection code Home library Current library Shelving location Date acquired Source of acquisition Total Checkouts Full call number Barcode Price effective from Koha item type Date last seen
    Dewey Decimal Classification     Audiovisual Biblioteca Karol Wojtyla Biblioteca Karol Wojtyla Módulo de circulación 06/03/2018 Compra   348.003 DIC 2002 700094 04/05/2018 Cd-Rom  
    Dewey Decimal Classification     Referencia Biblioteca Karol Wojtyla Biblioteca Karol Wojtyla Área de silencio 12/11/2014 Compra   340.03 D545 2002 92104 06/03/2018 Libro R 05/01/2026